00510 a2200205 4500001000700000003000400007005001700011008004100028020001800069040001000087082001400097100002000111245004500131250001200176260004600188300001500234653001600249653002600265653001300291066175OSt20221215130931.0  a9788185015668 cCURAJ a515bA46M1 aApostol, Tom M.1 aMathematical analysiscby Tom M. Apostol a2nd ed. aNew DelhibNarosa Publicationc2002, 1985 axix, 500p. aMathematics aMathematical analysis aCalculus